LEADER 01087nam0 2200301 450 001 000038234 005 20140903142826.0 010 $a0-19-281627-6 100 $a20140903d1983----km-y0itaa50------ba 101 0 $aeng 102 $aGB 200 1 $a<> Secret Agent$ea Simple Tale$fJoseph Conrad$gedited with an Introduction by Roger Tennant 210 $aOxford ; New York$cOxford University Press$d1983 215 $aXXXIX, 317 p.$d19 cm 225 2 $a<> World's classics 410 0$12001$a<> World's classics 676 $a823.91$v(22. ed.)$9Narrativa inglese. 1900-1999 700 1$aConrad,$bJoseph$0153570 702 1$aTennant,$bRoger 801 0$aIT$bUniversità della Basilicata - B.I.A.$gREICAT$2unimarc 912 $a000038234 996 $aSecret agent$971555 997 $aUNIBAS BAS $aLETTERE CAT $aEXT016$b01$c20140903$lBAS01$h1406 CAT $aEXT016$b01$c20140903$lBAS01$h1428 FMT Z30 -1$lBAS01$LBAS01$mBOOK$1BASA1$APolo Storico-Umanistico$2DSLF$BCollezione DiSLF$3DF/E1330$63144$5F3144$820140903$f04$FPrestabile Didattica LEADER 01040cam a2200241 a 4500 001 991003890929707536 008 201015s 000 0 fre d 020 $a9783484523531 035 $ab14404333-39ule_inst 040 $aDip. Studi Umanistici$bita 100 1 $aDe Surmont, Jean-Nicolas$0791580 245 10$aChanson :$bson histoire et sa famille dans les dictionnaires de langue francaise : etude lexicale, historique et theorique /$cJean Nicolas de Surmont 260 $aBerlin ;$aNew York :$bDe Gruyter,$cc2010 300 $aix, 248 p. ;$c24 cm. 490 1 $aBeihefte zur Zeitschrift fuÌ?r romanische Philologie ;$vBd. 353 650 0$aLingua Francese$xEtimologia 650 0$aLingua francese$xLessico 907 $a.b14404333$b20-10-20$c15-10-20 912 $a991003890929707536 945 $aLE012 440 SUR01. 01$g1$i2012000426085$lle012$nLE012 D'Andrea Giulia$op$pE64.95$q-$rl$s- $t0$u1$v0$w1$x0$y.i15939868$z20-10-20 996 $aChanson$91769477 997 $aUNISALENTO 998 $ale012$b15-10-20$cm$da $e $ffre$ggw $h0$i0